00338nam a2200121Ia 4500008004100000041000800041082001200049100002900061245004500090260003900135300003100174365001100205240624s9999 xx 000 0 und d aeng a658 EDE aEDERSHEIM ELIZABETH HAAS aDEFINITIVE DRUCKER CHALLENGES FOR TOMMOR c2007aNew DelhibTata McGraw- Hill axii, : 289 : p. : cm. ; 23 cRSb20